German to English European Geography Names - Statistics

General Stats
  • This quiz has been taken 14 times
  • The average score is 11 of 24
Answer Stats
German Place Type English % Correct
Danzig City Gdansk
85%
Grossbritannien Island Great Britain
85%
Kreta Island Crete
77%
Donau River Danube
77%
Sizilien Island Sicily
77%
Toskana Region Tuscany
77%
Venedig City Venice
77%
Ostsee Sea Baltic
69%
Dünkirchen City Dunkirk
62%
Königsberg City Kaliningrad
62%
Mittelmeer Sea Mediterranean
62%
Genf City Geneva
54%
Mailand City Milan
46%
Braunschweig City Brunswick
38%
Bodensee Lake Lake Constance
38%
Ärmelkanal Ocean Arm English Channel
23%
Lüttich City Liége
23%
Pommern Region Pomerania
23%
Weichsel River Vistula
23%
Breslau City Wrocław
23%
Plattensee Lake Balaton
15%
Lothringen Region Lorraine
15%
Kärnten Region Carinthia
8%
Mähren Region Moravia
8%
No matching quizzes found
Score Distribution
Percent of People with Each Score
Percentile by Number Answered
Your Score History
You have not taken this quiz